000 00424nam a2200181Ia 4500
001 20609
005 20260306172818.0
008 260306t2007||||xx |||||||||||||| ||spa||
041 _aESP
082 _a343.5
_bA162
100 _aAsociación Civil Transparencia
_eAUT
245 0 _aLa otra reforma
260 _c2007
300 _a94 pƔginas :
_c25 cm.
650 _aGEN
654 _aCDE
942 _cLIB
_dJUS
_fJUS
_2ddc
_n
999 _c20609
_d20609